00878cam a22002411a 450000100100000000500170001000800410002701000130006803500190008104000380010004100110013805000210014910000270017024000270019724501230022425000190034726000490036630000580041550000520047350000350052565000400056070000360060000001829520200929165436.0760311s1903 nyuaf 000 0 lat  a03019672 a(OCoLC)2044700 aDO-SdBNPcTxShAdOCoLCdPPiUdDLC0 alateng00aPA2095b.R5 19031 aRitchie, F.q(Francis)10aFabulae faciles.f190310aRitchie's fabulae faciles :ba first Latin reader /cedited with notes and a vocabulary by John Copeland Kirtland, Jr. aAuthorized ed. aNew York :bLongmans, Green, and Co.,c1903. axvi, 134 p., [3] leaves of plates ; :bill. ;c19 cm. a"The myths in English literature": p. xiii-xiv. a"The myths in art": p. xv-xvi. 0aLatin languagexReadersxMythology.1 aKirtland, John Copeland,d1870-